Knowledge and the curriculum : (Record no. 30566)

000 -LEADER
fixed length control field 01199nam a22002177a 4500
003 - CONTROL NUMBER IDENTIFIER
control field OSt
005 - DATE AND TIME OF LATEST TRANSACTION
control field 20190926090440.0
008 - FIXED-LENGTH DATA ELEMENTS--GENERAL INFORMATION
fixed length control field 190926b ||||| |||| 00| 0 eng d
020 ## - INTERNATIONAL STANDARD BOOK NUMBER
International Standard Book Number 9780415649506
040 ## - CATALOGING SOURCE
Original cataloging agency MksU
050 ## - LIBRARY OF CONGRESS CALL NUMBER
Classification number LB 1555
Item number .H57 2012
100 ## - MAIN ENTRY--PERSONAL NAME
Personal name Hirst Heywood Paul
245 ## - TITLE STATEMENT
Title Knowledge and the curriculum :
Remainder of title a collection of philosophical papers/
Statement of responsibility, etc. Paul H. Hirst
260 ## - PUBLICATION, DISTRIBUTION, ETC. (IMPRINT)
Place of publication, distribution, etc. London :
Name of publisher, distributor, etc. Routledge,
Date of publication, distribution, etc. 2012.
300 ## - PHYSICAL DESCRIPTION
Extent xiii,194p. ;
Dimensions 21cm.
440 ## - SERIES STATEMENT/ADDED ENTRY--TITLE
Title International library of the philosophy of education,
Volume/sequential designation v. 12
505 ## - FORMATTED CONTENTS NOTE
Formatted contents note 1. Philosophy and Curriculum Planning 2. The Nature and Structure of Curriculum Objectives 3. Liberal Education and the Nature of Knowledge 4. Realms of Meaning and Forms of Knowledge 5. Language and Thought 6. The Forms of Knowledge re-visited 7. What is Teaching? 8. The Logical and Psychological Aspects of Teaching a Subject 9. Curriculum Integration 10. Literature and the Fine Arts as a Unique Form of Knowledge 11. The Two-cultures, Science and Moral Education 12. Morals, Religion and the Maintained School
650 ## - SUBJECT ADDED ENTRY--TOPICAL TERM
Source of heading or term Curriculum planning.
650 ## - SUBJECT ADDED ENTRY--TOPICAL TERM
Topical term or geographic name as entry element Education.
942 ## - ADDED ENTRY ELEMENTS (KOHA)
Source of classification or shelving scheme
Classification part LB 1555 .H57 2012
Koha item type Hard Covered Materials
Holdings
Withdrawn status Lost status Source of classification or shelving scheme Damaged status Not for loan Home library Current library Shelving location Date acquired Source of acquisition Cost, normal purchase price Total Checkouts Full call number Barcode Date last seen Price effective from Koha item type
          MACHAKOS UNIVERSITY LIBRARY MACHAKOS UNIVERSITY LIBRARY Open shelf 26/09/2019 Purchase 4332.00   LB 1555 .H57 2012 23103 27/09/2019 26/09/2019 Hard Covered Materials
          MACHAKOS UNIVERSITY LIBRARY MACHAKOS UNIVERSITY LIBRARY Open shelf 26/09/2019 Purchase 4332.00   LB 1555 .H57 2012 23104 26/09/2019 26/09/2019 Hard Covered Materials
© Machakos University Library, Along The Highway, Machakos Wote Rd, Machakos, Kenya P.O. Box 136 - 90100 Machakos - Kenya

Tel: ( +254 ) 723 805829 OR Fax : 044-20353 OR Email: library@mksu.ac.ke